El Nuevo proceso cambiario

Detalles Bibliográficos
Autor principal: Adǹ Domenech, Federico
Otros Autores: Pic ̤i Junoy, Joan (trad.)
Formato: Libro
Lenguaje:español
Publicado: Barcelona : Bosch, cop. 2002
Materias:
Acceso en línea:Acceso restringido

MARC

LEADER 00000nam a22000001a 4500
005 20120112144032.0
007 cr|||| ||||
008 020621s2002 spc|||||| |00| ||spa||
017 |a DL B. 23811-2002 
020 |a 8476986610 
035 |a 1190 
040 |d vLex 
043 |a e-sp---  |b e-sp---  |2 catmarc 
080 |a 347.746/.748(460)(094) 
090 |c 2916  |d 2916 
100 1 |a Adǹ Domenech, Federico 
245 1 3 |a El Nuevo proceso cambiario   |h [Recurso electrn̤ico] /  |c Federico Adǹ Domenech ; prl̤ogo: Joan Pic ̤i Junoy 
256 |a Servicio en ln̕ea 
260 |a Barcelona :  |b Bosch,  |c cop. 2002 
300 |a 1 recurso electrn̤ico 
506 1 |a Contenido solo disponible en los productos indicados  |d vLex Global   |d vLex Global (Academic Edition, excluding Law Schools)   |d vLex Global (U.S. Academic Edition, Law Schools)   |d vLex Global (U.S. Academic Edition, excluding Law Schools)   |d vLex Global (Academic Edition, Law Schools)  
650 0 4 |a Letras de cambio  |x Derecho y legislacin̤  |z Espaą 
700 1 |a Pic ̤i Junoy, Joan,  |e trad. 
740 0 |a vLex Libros (Servicio en ln̕ea) 
856 4 0 |u http://vlex.com/source/proceso-cambiario-nuevo-1190  |z Acceso restringido 
942 |c BOOK 
999 0 |a Bills of exchange 
999 0 |a  Finance--Law and legislation